| 000 | 01080nam a22003970a 4500 | ||
|---|---|---|---|
| 001 | PT47956 | ||
| 003 | AR-LpoUNG | ||
| 005 | 20210131231217.0 | ||
| 008 | 191001s2011||||ag |||||||||||||||||spa d | ||
| 020 |
_a9789875035928 _c$22,05 |
||
| 040 |
_aAR-LpoUNG _bspa _cAR-LpoUNG _eaacr |
||
| 041 | _aspa | ||
| 044 | _aag | ||
| 082 | 0 | _a982.065 189bet | |
| 100 | 1 | _aTarnopolsky, Daniel | |
| 245 | 1 | 0 |
_aBetina sin aparecer : _bhistoria íntima del caso Tarnopolsky, una familia diezmada por la dictadura militar |
| 250 | _a1§ ed. | ||
| 260 |
_aBuenos Aires : _bPágina 12 - Norma, _cdiciembre 2011. |
||
| 300 |
_a348 p. : _bfot. |
||
| 650 | 4 | _aARGENTINA | |
| 650 | 4 | _aDICTADURA | |
| 650 | 4 | _aEXILIO | |
| 650 | 4 | _aFAMILIA | |
| 650 | 4 | _aGOBIERNO MILITAR | |
| 650 | 4 | _aGOLPES DE ESTADO | |
| 650 | 4 | _aHISTORIA POLITICA | |
| 650 | 4 | _aHISTORIA SOCIAL | |
| 650 | 4 | _aVIOLENCIA | |
| 651 | 4 | _aArgentina | |
| 653 | _aDESAPARECIDOS | ||
| 653 | _aTERRORISMO DE ESTADO | ||
| 653 | _aTESTIMONIOS | ||
| 700 | 1 |
_aGoldman, Daniel _epról. |
|
| 905 | _a47956 | ||
| 942 | _cLIB | ||
| 999 |
_c8676 _d8676 |
||